| 000 | 00623cam a22002291 4500 | ||
|---|---|---|---|
| 001 | sa 68012542 | ||
| 003 | DLC | ||
| 005 | 20260227112611.0 | ||
| 008 | 890727s1968 ii 000 0 tamo | ||
| 010 | _asa 68012542 | ||
| 035 | _a(OCoLC)20080348 | ||
| 040 |
_aDLC _cWaU _dDLC |
||
| 050 | 0 | 0 |
_aPL4754.T583 _bS8 1968 |
| 100 | 1 |
_aCuppiramaṇiya Piḷḷai, Kā., _d1888-1945. |
|
| 245 | 1 | 0 | _aPal̲antamil̲ar nākarīkam. |
| 250 | _a[1st ed.] | ||
| 260 | _c1968. | ||
| 300 |
_a19, 190 p. _c19 cm. |
||
| 500 | _aIn Tamil. | ||
| 600 | 0 | 0 |
_aTolkāppiyar. _tTolkāppiyam. |
| 740 | 0 | _aTolkāppiyap poruḷatikārak karuttu. | |
| 999 |
_c84582 _d84582 |
||